Vybrané problémy z didaktiky ekonomických předmětů

Gespeichert in:
Bibliographische Detailangaben
1. Verfasser: Asztalos, Ondřej
Weitere Verfasser: Koudela, Jiří, Rotport, Miloslav
Format: Buch
Sprache:Tschechisch
Veröffentlicht: Praha VŠE 1992
Ausgabe:1. vyd.
Schlagworte:
Tags: Tag hinzufügen
Keine Tags, Fügen Sie das erste Tag hinzu!

MARC

LEADER 00000nam a2200000 4500
001 c001700
005 20221214090930.4
020 |a 80-7079-362-7 
041 0 |a cze 
044 |a CZ 
245 1 0 |a Vybrané problémy z didaktiky ekonomických předmětů  |c Ondřej Asztalos, Jiří Koudela, Miloslav Rotport 
250 |a 1. vyd. 
264 1 |a Praha  |b VŠE  |c 1992 
300 |a 136 s. 
610 2 0 |a vyučovanie 
610 2 0 |a pedagogika 
610 2 0 |a veda ekonomická 
610 2 0 |a vzdelanie 
610 2 0 |a školy stredné 
610 2 0 |a školy stredné odborné 
610 2 0 |a podnik 
610 2 0 |a účtovníctvo 
610 2 0 |a výroba 
610 2 0 |a rozdeľovanie 
610 2 0 |a hospodárstvo svetové 
610 2 0 |a využitie počítačov 
100 1 |a Asztalos, Ondřej 
700 1 |a Koudela, Jiří 
700 1 |a Rotport, Miloslav